000 00941nam a2200229Ii 4500
003 JO-AjNU
008 230605s9999||||xx |||||||||||||| ||und||
017 _a2007/6/1774
020 _a978-9957-16-350-1
040 _aJO-AjNU
_bara
_erda
_cJO-AjNU
041 _aara
050 1 4 _aKMM423.S24.2014
100 3 _a السعيد، كامل ,
_eauthor
_950727
245 0 0 _aشرح قانون العقوبات الجرائم الواقعة على الأموال
250 _aط3
264 3 1 _aعمان : دار الثقافة ، 2014
300 _a366ص
336 _atext
_btxt
_2rdacontent
337 _aunmediated
_bn
_2rdamedia
338 _avolume
_bnc
_2rdacarrier
650 4 _aالقانون الجنائي -- الاردن -- جرائم الأموال -- الجريمة -- السرقة -- قوانيين وتشريعات -- الاردن -- النصب والاحتيال -- قوانيين وتشريعات -- الاردن
_950728
999 _aA22363
_c25931
_d25931